Ejercicios de idioma griego antiguo

Gardado en:
Detalles Bibliográficos
Autor Principal: Zouke, Georgiou N (Author)
Formato: Libro
Idioma:grego
Publicado: Atenas Organismo Editorial Escolar de Libros 1953
Subjects:
Tags: Engadir etiqueta
Sen Etiquetas, Sexa o primeiro en etiquetar este rexistro!

MARC

LEADER 00000nam a2200000 a 4500
001 UCU1431
003 CL-VaPUC
008 960404e19530000GR |||||||||||||||||gre|d
082 0 4 |a 485  |b ZOU  |2 21 
100 0 |a Zouke, Georgiou N  |e author  |9 357095 
245 1 0 |a Ejercicios de idioma griego antiguo 
300 |a 156 p 
942 |c BK 
945 |d 19960404 00:00:00  |a paguirre 
260 |a Atenas  |b Organismo Editorial Escolar de Libros  |c 1953 
500 |a Título y texto en idioma griego 
650 0 |a Gramática  |9 270497 
650 0 |a Morfología  |9 334440 
650 0 |a Filología   |9 321245 
651 0 |a Grecia  |9 265314 
583 |a last modification  |c 19960404 00:00:00  |k Rodrigo Vera 
999 |c 246062  |d 246060 
952 |0 0  |1 0  |4 0  |6 485_000000000000000_ZOU_1953  |7 0  |8 P  |9 260795  |a BIBEDU  |b BIBEDU  |c BIBEDU_PB  |d 2019-11-19  |i 1639374  |l 1  |m 1  |o 485 ZOU 1953  |p 1639374  |r 2024-01-25  |s 2023-03-27  |w 2019-11-19  |y BK  |k FIL